[Event "23rd European Women Club Cup 2018"]
[Site "Halkidiki"]
[Date "2018.10.14"]
[Round "3"]
[White "Cramling, Pia"]
[Black "Vidic, Teja"]
[Result "1-0"]
[WhiteElo "2465"]
[BlackElo "2116"]
[Annotator "TA"]
[PlyCount "119"]
[EventDate "2018.10.12"]
[EventType "team-tourn"]
[EventCountry "GRE"]
[SourceTitle "playchess.com"]
[Source "ChessBase"]
[SourceQuality "1"]
[WhiteTeam "Monte-Carlo"]
[BlackTeam "Maribor"]

{[%evp 19,119,-10,0,0,8,1,11,3,8,-12,-8,-15,0,0,0,-14,-14,-14,-14,-22,13,0,0,-17,12,2,14,8,14,16,16,9,23,23,23,23,23,16,21,21,40,46,41,38,96,6,28,25,51,41,47,45,83,89,92,95,95,108,120,116,104,104,107,99,115,112,124,114,108,25,170,170,194,188,381,381,382,389,29965,29966,29965,29957,6629,4631,29967,29966,29970,29970,29968,29969,29969,29963,29985,29986,29986,29987,29987,29988,29988,29989,29989,29990]} 1. Nf3 d5 2. g3 c6 3. Bg2 Bg4 4. c4 e6 5. cxd5 exd5 6. O-O Bd6 7. d3 Nf6 8. Nc3 O-O 9. Qb3 {A11: English Opening: 1...c6} Qb6 10. Qc2 Nbd7 {LiveBook: 22 Games} 11. Be3 {The position is equal.} Qc7 12. Rac1 a6 13. Qd2 $146 ({Predecessor:} 13. Qb3) 13... Qd8 14. Rfd1 Re8 15. Bf4 Qe7 16. Bxd6 Qxd6 17. h3 Bxf3 18. Bxf3 Rad8 19. Bg2 Nb6 20. a3 Qe7 21. Re1 Nc8 22. Na4 Nd6 23. Nc5 Nd7 24. b4 h6 25. Qb2 Qe5 (25... f5 {with more complications.} 26. a4 Ne5 27. e3 Qf6 28. Qd2 Kh7) 26. Qxe5 Rxe5 27. e3 {[%cal Be2e3,Be3e4][%mdl 32]} Re7 28. Bf1 Nb6 29. a4 Na8 30. e4 Rde8 $1 31. Bg2 f5 {[#]} (31... Nc7 $14) 32. f3 ({Better is} 32. e5 $1 $16) 32... fxe4 33. dxe4 dxe4 34. fxe4 ({But not} 34. Nxe4 Nb6 $15) 34... Nb6 35. Red1 $36 {[%mdl 2048] White is more active.} Nbc8 {[#]} 36. e5 $1 {[%mdl 512]} Rxe5 {[#]} 37. Nxb7 $1 {[%mdl 512]} Nxb7 38. Bxc6 Nbd6 {Hoping for ...Rf8.} 39. Bxe8 Rxe8 40. Rc6 Re4 41. b5 axb5 42. axb5 Rb4 43. b6 $1 ({Don't play} 43. Rcxd6 $6 Nxd6 44. Rxd6 Rxb5 $11) 43... Rb2 44. g4 ({White should try} 44. h4 $16) 44... Kh7 (44... Kf7 $1 $11 {and Black has nothing to worry.}) 45. Rdxd6 Nxd6 46. Rxd6 $18 {[%mdl 4096] Endgame KR-KR} h5 $2 (46... Ra2 47. b7 Rb2) 47. gxh5 Rb5 48. Kf2 Rxh5 $2 (48... Rb3 $18 49. h4 Rb4) 49. b7 Rb5 50. Rd7 Rb3 51. Ke2 Kh6 52. Kd2 {White mates.} g5 53. Kc2 Rb6 54. Kc3 Kh5 55. Kc4 Kh4 56. Kc5 Rb1 57. Rd4+ Kxh3 58. Rb4 Rxb4 59. Kxb4 g4 60. b8=Q {Precision: White = 57%, Black = 36%.} 1-0

[Event "23rd European Women Club Cup 2018"]
[Site "Halkidiki"]
[Date "2018.10.14"]
[Round "3"]
[White "Mammadzada, Gunay"]
[Black "Bodnaruk, Anastasia"]
[Result "1/2-1/2"]
[WhiteElo "2438"]
[BlackElo "2423"]
[Annotator "TA"]
[PlyCount "96"]
[EventDate "2018.10.12"]
[EventType "team-tourn"]
[EventCountry "GRE"]
[SourceTitle "playchess.com"]
[Source "ChessBase"]
[SourceQuality "1"]
[WhiteTeam "Odlar Yurdu"]
[BlackTeam "SSHOR"]

{[%evp 26,96,42,42,53,52,74,59,108,96,90,17,44,57,34,-15,-19,-18,38,-13,0,0,0,-36,-28,-15,0,-16,10,16,85,27,75,69,80,81,67,69,106,106,82,50,61,82,87,93,144,145,150,144,414,419,716,706,704,697,651,532,1161,213,213,213,213,212,204,-311,-311,-403,-403,-385,-378,-29989,-29990]} 1. e4 c5 2. Nf3 d6 3. d4 cxd4 4. Nxd4 Nf6 5. Nc3 Nc6 6. f3 e5 7. Nb3 Be7 8. Be3 O-O 9. Qd2 Be6 10. Rd1 a5 11. Bb5 Na7 {B56: Classical Sicilian: Unusual Lines} 12. Bd3 Nc8 13. O-O a4 14. Nc1 {LiveBook: 13 Games} a3 (14... Nb6 15. Qf2 Nfd7 16. a3 {½-½ (16) Movsesian,S (2653)-Kononenko,D (2617) Pardubice 2015}) 15. b3 Qa5 16. Nb5 d5 17. Qxa5 Rxa5 18. Bd2 ({White should try} 18. exd5 $16 Nxd5 19. Bd2) 18... Rxb5 $146 ({Predecessor:} 18... Ra6 19. Nc7 {0-1 (67) McClement,A (2088)-Iovcov,V (2092) Kocaeli 2011}) 19. Bxb5 dxe4 20. c4 Bc5+ 21. Kh1 exf3 (21... Nd6 $11) 22. gxf3 (22. Nd3 $14 fxg2+ 23. Kxg2) 22... Bh3 23. Rfe1 $36 {[%cal Bf1e1,Be1e2,Be2e3][%mdl 2080] Black is under pressure.} e4 $1 {[%cal Re4f3]} 24. b4 Bf2 25. Re2 Ba7 26. c5 exf3 (26... Nd6 $5 27. cxd6 exf3 $16) 27. Re3 Bg2+ 28. Kg1 {[%mdl 1024] White has strong compensation.} Ng4 29. Re4 $1 {[%cal Re4g4]} f5 30. Rd4 Bb8 {[%csl Gg4][%cal Rb8h2]} 31. Bc4+ Kh8 {[%csl Gg4][%cal Rb8h2]} 32. Bf4 Bxf4 33. Rxf4 {Black must now prevent Rd7.} Ne7 34. Nd3 g5 35. Rd4 $1 Ne3 ({Black should play} 35... Nc6 36. Rd6 f2+ 37. Nxf2 Ne3) 36. Rc1 $1 $16 f4 37. b5 $1 {[%cal Bb4b5,Bb5c6,Bc6c7][%mdl 32]} ({But not} 37. Rd7 $6 Ng6 $14) 37... Ng6 $2 {[%mdl 8192]} (37... N7f5 $16 38. Rd7 Ng3 39. hxg3 fxg3) 38. Be6 $18 g4 (38... Ne7 $142 39. c6 bxc6) 39. c6 bxc6 40. bxc6 g3 {aiming for ...f2+.} 41. c7 Ne5 42. Nf2 $2 (42. c8=Q $2 {leads to mate.} f2+ 43. Nxf2 Nf3#) (42. hxg3 fxg3 43. Rf4 f2+ 44. Nxf2 Nf3+ 45. Rxf3 $1 {[%mdl 512]} Bxf3 46. c8=Q Rxc8 47. Rxc8+ Kg7 48. Rg8+ Kf6 49. Rxg3 Kxe6 50. Rxf3) 42... gxf2+ 43. Kxf2 {Hoping for Rd8.} N5g4+ 44. Bxg4 $1 Nxg4+ {[#]} 45. Kg1 $4 {[%mdl 8192]} (45. Ke1 $1 $18 f2+ 46. Kd2) 45... Bh3 $19 {( -> ...f2+)} 46. Rxf4 ({Don't go for} 46. Rd8 $2 f2+ 47. Kh1 {[#]} Ne3 $1 $19 {[%mdl 512]}) 46... f2+ 47. Kh1 Rc8 48. Rd4 $2 (48. Rf3 $19 f1=Q+ 49. Rcxf1 Bxf1 50. Rxf1) 48... Ne3 {[%mdl 32768] Precision: White = 44%, Black = 41%. . An unexpected result.} 1/2-1/2

[Event "23rd European Women Club Cup 2018"]
[Site "Halkidiki"]
[Date "2018.10.14"]
[Round "3"]
[White "Zimina, Olga"]
[Black "Santeramo, Alessia"]
[Result "1/2-1/2"]
[WhiteElo "2431"]
[BlackElo "2054"]
[Annotator "TA"]
[PlyCount "154"]
[EventDate "2018.10.12"]
[EventType "team-tourn"]
[EventCountry "GRE"]
[SourceTitle "playchess.com"]
[Source "ChessBase"]
[SourceQuality "1"]
[WhiteTeam "Pentole Agnelli"]
[BlackTeam "Banca Alpi Marittime"]

{[%evp 28,154,0,0,0,0,0,0,0,-6,0,0,7,7,7,7,7,7,7,3,7,7,17,0,0,0,0,0,10,10,22,8,11,9,29,0,0,0,0,0,18,27,18,20,26,16,50,32,37,0,0,0,0,0,0,0,0,0,0,0,0,0,0,0,168,168,168,168,168,168,188,168,168,168,168,164,98,98,167,82,440,412,523,466,4627,164,4133,0,14,0,0,0,0,0,8,0,0,0,8,8,8,8,8,8,8,8,8,8,8,8,8,8,8,8,8,8,8,8,8,8,8,8,8,8,8,8,8,0,0]} 1. Nf3 Nf6 2. c4 e6 3. g3 d5 4. b3 b6 5. Bg2 Bb7 6. O-O Be7 7. Bb2 O-O 8. e3 Nbd7 9. Nc3 c5 10. Qe2 Qc7 11. Rac1 {A14: Reti-Eröffnung} Rac8 12. cxd5 (12. Rfd1 Qb8 13. h3 Rfd8 14. d3 Bf8 15. g4 h6 16. cxd5 Nxd5 17. Ne4 Nb4 18. a3 Nc6 19. g5 h5 20. g6 fxg6 {0-1 (59) Iturrizaga Bonelli,E (2652)-Gharamian,T (2624) Lisbon 2017}) 12... Nxd5 13. Nxd5 Bxd5 14. e4 Bb7 15. d4 {LiveBook: 4 Partien} Qb8 16. Rfd1 cxd4 17. Nxd4 Rxc1 18. Bxc1 {Droht Sxe6! und aus.} Rd8 19. Bf4 e5 20. Nf5 $146 {Schwarz muss nun Dg4 beachten.} exf4 21. Nxe7+ Kf8 $1 {[%cal Rf8e7]} 22. Nd5 fxg3 23. hxg3 Nf6 24. Nxf6 gxf6 25. Rc1 Qe5 26. Qe3 (26. Kh2 {keeps more tension.} Re8 27. Qd2 Qg5 28. Qd6+ Kg7 29. Rc4) 26... Kg7 27. Qf4 Qxf4 (27... Rd7 {feels hotter.} 28. Qxe5 fxe5 29. Kf1 a5 30. Ke2 a4) 28. gxf4 $11 {[%mdl 4096] Endspiel KTL-KTL} Rd7 29. f3 Ba6 $1 30. Rc2 Rd1+ 31. Kf2 Bd3 32. Rb2 (32. Rc3 {with more complications.} Rd2+ 33. Kg3 Be2 34. Bh3 Rxa2 35. Rc7) 32... a5 33. Ke3 (33. Bh3 {seems wilder.} h5 34. Bf5 Rc1 35. Rd2 Rc3 36. Kg3) 33... Bf1 (33... f5 {keeps more tension.} 34. Bh3 fxe4 35. fxe4 Bb5 36. Kf2 h5) 34. Bxf1 Rxf1 {KT-KT} 35. Rg2+ Kf8 36. Rc2 Ra1 37. f5 h5 38. Kf4 Kg7 39. Kg3 Rg1+ 40. Kf4 Ra1 41. Rg2+ Kf8 42. e5 Ke7 43. exf6+ Kxf6 44. Rc2 Kg7 45. Kg5 f6+ $2 (45... Rg1+ $11 {und Schwarz steht sicher.} 46. Kxh5 Kf6) 46. Kxh5 $18 Rh1+ 47. Kg4 Rg1+ 48. Kf4 Ra1 49. Rc7+ Kg8 50. Rc6 Rxa2 51. Rxf6 b5 (51... Rd2 $18 52. Rxb6 Kf7) 52. Rb6 $16 b4 (52... Kg7 $16 {ist eine bessere Verteidigung.}) 53. Rb7 (53. Kg5 $1 $18) 53... Rb2 $2 {[%mdl 8192]} (53... Kf8 $16) 54. Kg5 $1 $18 Rg2+ 55. Kf6 Rg3 {[#]} (55... Re2 $142 56. Rg7+ Kf8) 56. Rb8+ $1 Kh7 {[#]} 57. Rb7+ $2 ({Der einzige Zug:} 57. Ke7 $1 $18 Rxf3 58. f6 Re3+ 59. Kf8) 57... Kg8 $1 $11 {Die Stellung ist ausgeglichen.} 58. Ra7 Rxf3 59. Rxa5 {Schwarz sollte Ta8+ verhindern.} Rxb3 60. Rb5 Rb1 61. Kg6 {[%cal Rb5b8]} Rg1+ 62. Kf6 {zielt auf Tb8+ ab.} Rb1 63. Rb8+ Kh7 64. Kf7 $1 Ra1 65. Rxb4 {[%cal Rb4h4]} Ra7+ 66. Kf6 {Droht stark Te4.} Ra6+ 67. Kg5 Kg8 68. Rb7 Rc6 69. Re7 Kf8 70. Rd7 Ra6 71. Kf4 Rb6 72. Ke5 Ra6 (72... Rb1 {looks sharper.} 73. Rc7 Rb6 74. Ra7 Rb5+ 75. Ke4 Rb4+) 73. Rh7 Rb6 74. Ra7 Rc6 75. Kf4 Rb6 76. Kg5 Rc6 77. f6 {jetzt Kg6 und aus.} Rc1 {Precision: Weiß = 67%, Schwarz = 57%.} 1/2-1/2

[Event "23rd European Women Club Cup 2018"]
[Site "Halkidiki"]
[Date "2018.10.14"]
[Round "3"]
[White "Skripchenko, Almira"]
[Black "Mihevc-Mohr, Narcisa"]
[Result "1-0"]
[WhiteElo "2414"]
[BlackElo "1983"]
[Annotator "TA"]
[PlyCount "55"]
[EventDate "2018.10.12"]
[EventType "team-tourn"]
[EventCountry "GRE"]
[SourceTitle "playchess.com"]
[Source "ChessBase"]
[SourceQuality "1"]
[WhiteTeam "Monte-Carlo"]
[BlackTeam "Maribor"]

{[%evp 17,55,68,68,77,69,63,66,61,69,36,69,61,70,70,102,100,94,97,147,143,147,141,195,170,202,182,225,220,266,265,513,484,916,916,1012,995,987,851,29998,29999]} 1. e4 c5 2. Nf3 Nc6 3. Bb5 d6 4. d4 cxd4 5. Qxd4 Bd7 6. Bxc6 Bxc6 7. Nc3 Nf6 8. Bg5 h6 9. Bxf6 {B53: Sicilian: 2...d6: Lines with Qxd4} gxf6 {LiveBook: 17 Games} 10. O-O (10. O-O-O Rg8 11. Rhg1 Qa5 12. Qd3 a6 13. Nd4 e6 14. Kb1 Bd7 15. f4 b5 16. e5 f5 17. exd6 {1-0 (24) Balogh,C (2605)-Likavsky,T (2498) Austria 2009}) 10... Rg8 11. Qd3 {White is slightly better.} Qd7 $146 ({Predecessor:} 11... a6 12. Nd4 Bd7 13. f4 e6 14. Kh1 Qb6 15. a4 Rc8 16. Ra3 Qc5 17. Rb3 Rc7 18. f5 Ke7 19. Nde2 Qe5 20. Nf4 Bc6 21. Qf3 Qd4 {½-½ (21) Gentilleau,J (2258)-Abergel,T (2443) Cappelle-la-Grande 2005}) 12. Nd4 e6 13. Nxc6 bxc6 14. Ne2 Rb8 15. b3 Be7 16. c4 Qb7 17. Qh3 c5 18. f3 Rh8 19. Qh5 Bf8 (19... Qc6 $16 20. Rfd1 Rh7) 20. Nf4 {And now Nxe6 would win.} Ke7 21. Rfe1 {[%cal Bf1e1,Be1e5,Be5d5][%mdl 32]} Bg7 22. Rad1 Rbg8 23. Qh4 Bf8 $2 (23... Re8 {keeps fighting.} 24. Nh5 Rhg8) 24. e5 $18 dxe5 {[#]} (24... Kd7 $142 25. Qxf6 Kc6) 25. Nd5+ $1 {[%mdl 512]} exd5 26. Rxe5+ Kd7 27. Rexd5+ Ke8 28. Qe4+ {Precision: White = 70%, Black = 16%.} 1-0

[Event "23rd European Women Club Cup 2018"]
[Site "Halkidiki"]
[Date "2018.10.14"]
[Round "3"]
[White "Gaponenko, Inna"]
[Black "Kumanska, Olena"]
[Result "1-0"]
[WhiteElo "2409"]
[BlackElo "2054"]
[Annotator "NA"]
[PlyCount "87"]
[EventDate "2018.10.12"]
[EventType "team-tourn"]
[EventCountry "GRE"]
[SourceTitle "playchess.com"]
[Source "ChessBase"]
[SourceQuality "1"]
[WhiteTeam "Kyiv"]
[BlackTeam "Beer Sheva"]
[TimeControl "40/5400+30:1800+30"]

1. e4 {[%emt 0:00:00]} c5 {[%emt 0:00:00]} 2. Nf3 {[%emt 0:00:00]} e6 {[%emt 0:00:00]} 3. c3 {[%emt 0:00:00]} a6 {[%emt 0:00:08]} 4. d4 {[%emt 0:00:36]} cxd4 {[%emt 0:00:12]} 5. cxd4 {[%emt 0:00:41]} d6 {[%emt 0:01:47]} 6. Nc3 {[%emt 0:03:31]} Be7 {[%emt 0:00:16]} 7. Bd3 {[%emt 0:04:42]} Nf6 {[%emt 0:01:04]} 8. O-O {[%emt 0:00:42]} b5 {[%emt 0:00:44]} 9. a3 {[%emt 0:04:25]} Bb7 {[%emt 0:01:27]} 10. Re1 {[%emt 0:04:20]} Nbd7 {[%emt 0:03:06]} 11. Qe2 {[%emt 0:15:12]} e5 {[%emt 0:03:42]} 12. Bd2 {[%emt 0:05:00]} O-O {[%emt 0:00:58]} 13. Rad1 {[%emt 0:08:00]} Re8 {[%emt 0:01:59]} 14. Bc1 {[%emt 0:04:58]} Qc7 {[%emt 0:00:54]} 15. Bb1 {[%emt 0:00:29]} Nb6 {[%emt 0:01:21]} 16. h3 {[%emt 0:12:49]} Rac8 {[%emt 0:02:22]} 17. Nh4 {[%emt 0:10:50]} Bf8 {[%emt 0:04:02]} 18. dxe5 {[%emt 0:07:39]} dxe5 {[%emt 0:00:21]} 19. Qf3 {[%emt 0:00:33]} Nc4 {[%emt 0:06:40]} 20. Nd5 {[%emt 0:09:46]} Nxd5 {[%emt 0:02:15]} 21. exd5 {[%emt 0:00:01]} g6 {[%emt 0:00:15]} 22. g4 {[%emt 0:05:26]} Bg7 {[%emt 0:00:52]} 23. Ng2 {[%emt 0:00:43]} Qd6 {[%emt 0:00:25]} 24. Ne3 {[%emt 0:00:48]} Nxe3 {[%emt 0:01:30]} 25. Bxe3 {[%emt 0:00:36]} Red8 {[%emt 0:00:21]} 26. Be4 {[%emt 0:00:26]} b4 {[%emt 0:01:24]} 27. Bg5 {[%emt 0:00:39]} Rf8 {[%emt 0:01:27]} 28. axb4 {[%emt 0:00:19]} h6 {[%emt 0:01:31]} 29. Bc1 {[%emt 0:00:22]} Rcd8 {[%emt 0:01:46]} 30. Qb3 {[%emt 0:00:46]} Kh8 {[%emt 0:00:47]} 31. Be3 {[%emt 0:00:17]} Qf6 {[%emt 0:00:50]} 32. Bc5 {[%emt 0:00:08]} Rg8 {[%emt 0:00:45]} 33. d6 {[%emt 0:00:14]} Bxe4 {[%emt 0:00:33]} 34. Rxe4 {[%emt 0:00:01]} Rd7 {[%emt 0:00:36]} 35. Re3 {[%emt 0:00:22]} h5 {[%emt 0:03:50]} 36. Qa4 {[%emt 0:00:39]} Qe6 {[%emt 0:00:15]} 37. Qb3 {[%emt 0:01:24]} Qf6 {[%emt 0:00:31]} 38. Rf3 {[%emt 0:00:22]} Qg5 {[%emt 0:01:31]} 39. Rxf7 {[%emt 0:00:53]} Rxf7 {[%emt 0:01:11]} 40. Qxf7 {[%emt 0:00:00]} hxg4 {[%emt 0:00:00]} 41. h4 {[%emt 0:19:05]} Qxh4 {[%emt 0:01:47]} 42. d7 {[%emt 0:01:51]} g3 {[%emt 0:01:05]} 43. Qxg8+ {[%emt 0:00:19]} Kxg8 {[%emt 0:00:06]} 44. d8=Q+ {[%emt 0:00:05]} 1-0

[Event "23rd European Women Club Cup 2018"]
[Site "Halkidiki"]
[Date "2018.10.14"]
[Round "3"]
[White "Nechaeva, Marina"]
[Black "Khotenashvili, Bela"]
[Result "1/2-1/2"]
[WhiteElo "2409"]
[BlackElo "2469"]
[Annotator "ChessBase"]
[PlyCount "85"]
[EventDate "2018.10.12"]
[EventType "team-tourn"]
[EventCountry "GRE"]
[SourceTitle "playchess.com"]
[Source "ChessBase"]
[SourceQuality "1"]
[WhiteTeam "Ugra"]
[BlackTeam "Nona"]
[TimeControl "40/5400+30:1800+30"]

1. d4 {[%emt 0:00:00]} Nf6 {[%emt 0:00:00]} 2. c4 {[%emt 0:00:00]} c5 {[%emt 0:00:00]} 3. d5 {[%emt 0:00:00]} g6 {[%emt 0:00:08]} 4. Nc3 {[%emt 0:00:00]} Bg7 {[%emt 0:00:05]} 5. e4 {[%emt 0:00:00]} d6 {[%emt 0:00:11]} 6. Bd3 {[%emt 0:00:03]} O-O {[%emt 0:00:11]} 7. h3 {[%emt 0:00:05]} e6 {[%emt 0:00:22]} 8. Nf3 {[%emt 0:00:05]} exd5 {[%emt 0:00:16]} 9. cxd5 {[%emt 0:00:04]} Re8 {[%emt 0:00:07]} 10. O-O {[%emt 0:00:08]} Nbd7 {[%emt 0:00:06]} 11. Re1 {[%emt 0:00:36]} Ne5 {[%emt 0:00:21]} 12. Nxe5 {[%emt 0:07:13]} Rxe5 {[%emt 0:00:06]} 13. Bf4 {[%emt 0:01:46]} Nh5 {[%emt 0:00:07]} 14. Bxe5 {[%emt 0:07:57]} Bxe5 {[%emt 0:00:10]} 15. Re3 {[%emt 0:02:31]} Qg5 {[%emt 0:03:27]} 16. Bf1 {[%emt 0:02:50]} Nf4 {[%emt 0:00:28]} 17. Rg3 {[%emt 0:03:48]} Qh6 {[%emt 0:00:19]} 18. Qa4 {[%emt 0:09:01]} Kg7 {[%emt 0:04:32]} 19. Qa5 {[%emt 0:10:44]} Qh4 {[%emt 0:32:38]} 20. Re1 {[%emt 0:18:59]} Qe7 {[%emt 0:32:54]} 21. Nd1 {[%emt 0:07:24]} h5 {[%emt 0:05:24]} 22. Kh1 {[%emt 0:04:22]} h4 {[%emt 0:03:52]} 23. Rf3 {[%emt 0:01:17]} b6 {[%emt 0:02:17]} 24. Qd2 {[%emt 0:00:04]} Qg5 {[%emt 0:00:13]} 25. Ne3 {[%emt 0:01:05]} b5 {[%emt 0:05:13]} 26. g3 {[%emt 0:12:23]} hxg3 {[%emt 0:04:08]} 27. fxg3 {[%emt 0:00:04]} Nxh3 {[%emt 0:05:20]} 28. Bxh3 {[%emt 0:00:05]} Qh6 {[%emt 0:00:31]} 29. Nf5+ {[%emt 0:03:18]} gxf5 {[%emt 0:00:01]} 30. Qxh6+ {[%emt 0:00:04]} Kxh6 {[%emt 0:00:03]} 31. Bxf5 {[%emt 0:00:04]} Bxf5 {[%emt 0:00:13]} 32. Rxf5 {[%emt 0:00:54]} Kg6 {[%emt 0:00:14]} 33. Kg2 {[%emt 0:02:13]} b4 {[%emt 0:00:37]} 34. b3 {[%emt 0:01:32]} a5 {[%emt 0:00:02]} 35. Rh1 {[%emt 0:00:12]} a4 {[%emt 0:00:41]} 36. Rh4 {[%emt 0:00:35]} Kg7 {[%emt 0:01:13]} 37. Rf3 {[%emt 0:05:45]} axb3 {[%emt 0:00:12]} 38. axb3 {[%emt 0:00:02]} Rc8 {[%emt 0:01:43]} 39. Rh1 {[%emt 0:00:46]} Rc7 {[%emt 0:00:32]} 40. Rhf1 {[%emt 0:00:00]} Kg6 {[%emt 0:00:00]} 41. R1f2 {[%emt 0:05:41]} Ra7 {[%emt 0:07:44]} 42. Rc2 {[%emt 0:01:33]} Ra3 {[%emt 0:04:00]} 43. Kf2 {[%emt 0:05:11]} 1/2-1/2

[Event "23rd European Women Club Cup 2018"]
[Site "Halkidiki"]
[Date "2018.10.14"]
[Round "3"]
[White "Ovod, Evgenija"]
[Black "Mamedjarova, Zeinab"]
[Result "1-0"]
[WhiteElo "2363"]
[BlackElo "2358"]
[Annotator "NA"]
[PlyCount "117"]
[EventDate "2018.10.12"]
[EventType "team-tourn"]
[EventCountry "GRE"]
[SourceTitle "playchess.com"]
[Source "ChessBase"]
[SourceQuality "1"]
[WhiteTeam "SSHOR"]
[BlackTeam "Odlar Yurdu"]
[TimeControl "40/5400+30:1800+30"]

1. e4 {[%emt 0:00:00]} e5 {[%emt 0:00:02]} 2. Nf3 {[%emt 0:00:00]} Nf6 {[%emt 0:00:08]} 3. Nxe5 {[%emt 0:00:00]} d6 {[%emt 0:00:03]} 4. Nf3 {[%emt 0:00:00]} Nxe4 {[%emt 0:00:02]} 5. Nc3 {[%emt 0:00:07]} Nxc3 {[%emt 0:00:16]} 6. dxc3 {[%emt 0:00:12]} Be7 {[%emt 0:00:10]} 7. Be3 {[%emt 0:00:15]} Nc6 {[%emt 0:00:43]} 8. Qd2 {[%emt 0:00:11]} Be6 {[%emt 0:01:16]} 9. O-O-O {[%emt 0:00:10]} Qd7 {[%emt 0:00:19]} 10. a3 {[%emt 0:00:09]} h6 {[%emt 0:03:51]} 11. Nd4 {[%emt 0:01:49]} Nxd4 {[%emt 0:10:48]} 12. Bxd4 {[%emt 0:00:10]} O-O {[%emt 0:22:54]} 13. c4 {[%emt 0:09:07]} Rfe8 {[%emt 0:04:00]} 14. Qc3 {[%emt 0:04:16]} Bf8 {[%emt 0:00:05]} 15. Rg1 {[%emt 0:06:30]} Qe7 {[%emt 0:15:12]} 16. g4 {[%emt 0:03:59]} c5 {[%emt 0:05:39]} 17. Be3 {[%emt 0:00:04]} b5 {[%emt 0:00:59]} 18. g5 {[%emt 0:08:52]} h5 {[%emt 0:02:31]} 19. g6 {[%emt 0:00:07]} Bg4 {[%emt 0:04:31]} 20. gxf7+ {[%emt 0:18:55]} Qxf7 {[%emt 0:00:02]} 21. Rxg4 {[%emt 0:00:08]} hxg4 {[%emt 0:00:03]} 22. Bg2 {[%emt 0:00:04]} Kh8 {[%emt 0:19:58]} 23. Bxa8 {[%emt 0:05:09]} Rxa8 {[%emt 0:00:02]} 24. cxb5 {[%emt 0:00:04]} Rb8 {[%emt 0:00:19]} 25. a4 {[%emt 0:01:34]} Be7 {[%emt 0:00:15]} 26. b3 {[%emt 0:04:18]} Qe6 {[%emt 0:01:08]} 27. Qc4 {[%emt 0:04:22]} Qg6 {[%emt 0:06:14]} 28. Kb1 {[%emt 0:10:01]} Re8 {[%emt 0:00:34]} 29. Rg1 {[%emt 0:02:06]} Bf6 {[%emt 0:00:25]} 30. Qxg4 {[%emt 0:01:24]} Qf7 {[%emt 0:01:26]} 31. Qg6 {[%emt 0:03:28]} Qe6 {[%emt 0:00:54]} 32. Bg5 {[%emt 0:03:37]} Bd4 {[%emt 0:00:02]} 33. Qxe6 {[%emt 0:01:59]} Rxe6 {[%emt 0:00:02]} 34. Be3 {[%emt 0:00:13]} Be5 {[%emt 0:01:34]} 35. c4 {[%emt 0:00:37]} Kg8 {[%emt 0:00:14]} 36. h4 {[%emt 0:00:40]} Kf7 {[%emt 0:00:08]} 37. Kc2 {[%emt 0:00:22]} Re8 {[%emt 0:01:08]} 38. a5 {[%emt 0:02:08]} Bf6 {[%emt 0:00:30]} 39. h5 {[%emt 0:02:15]} Rh8 {[%emt 0:00:28]} 40. Rh1 {[%emt 0:00:00]} Ke6 {[%emt 0:00:00]} 41. b4 {[%emt 0:11:34]} Rc8 {[%emt 0:03:00]} 42. bxc5 {[%emt 0:06:51]} dxc5 {[%emt 0:00:13]} 43. b6 {[%emt 0:00:08]} axb6 {[%emt 0:02:14]} 44. axb6 {[%emt 0:00:03]} Be5 {[%emt 0:01:44]} 45. b7 {[%emt 0:00:52]} Rb8 {[%emt 0:11:09]} 46. Rb1 {[%emt 0:00:06]} Rh8 {[%emt 0:05:49]} 47. Bxc5 {[%emt 0:00:11]} Bb8 {[%emt 0:01:50]} 48. Be3 {[%emt 0:07:52]} Kd7 {[%emt 0:02:01]} 49. Rb5 {[%emt 0:01:02]} Kc6 {[%emt 0:04:50]} 50. Rb6+ {[%emt 0:03:39]} Kd7 {[%emt 0:00:17]} 51. Rg6 {[%emt 0:00:49]} Rxh5 {[%emt 0:00:54]} 52. c5 {[%emt 0:01:37]} Rf5 {[%emt 0:01:03]} 53. c6+ {[%emt 0:00:58]} Kc7 {[%emt 0:00:19]} 54. Kd3 {[%emt 0:01:26]} Rf7 {[%emt 0:00:57]} 55. Ke4 {[%emt 0:00:47]} Re7+ {[%emt 0:01:03]} 56. Kd5 {[%emt 0:00:06]} Rf7 {[%emt 0:00:28]} 57. Bd4 {[%emt 0:00:32]} Rf5+ {[%emt 0:00:50]} 58. Ke4 {[%emt 0:00:45]} Rf7 {[%emt 0:00:50]} 59. Be5+ {[%emt 0:00:26]} 1-0

[Event "23rd European Women Club Cup 2018"]
[Site "Halkidiki"]
[Date "2018.10.14"]
[Round "3"]
[White "Balajayeva, Khanim"]
[Black "Belenkaya, Dina"]
[Result "1-0"]
[WhiteElo "2326"]
[BlackElo "2329"]
[Annotator "NA"]
[PlyCount "53"]
[EventDate "2018.10.12"]
[EventType "team-tourn"]
[EventCountry "GRE"]
[SourceTitle "playchess.com"]
[Source "ChessBase"]
[SourceQuality "1"]
[WhiteTeam "Odlar Yurdu"]
[BlackTeam "SSHOR"]
[TimeControl "40/5400+30:1800+30"]

1. e4 {[%emt 0:00:00]} c6 {[%emt 0:00:00]} 2. d4 {[%emt 0:00:00]} d5 {[%emt 0:00:08]} 3. exd5 {[%emt 0:00:00]} cxd5 {[%emt 0:00:04]} 4. c4 {[%emt 0:00:00]} Nf6 {[%emt 0:00:12]} 5. Nc3 {[%emt 0:00:36]} Nc6 {[%emt 0:00:17]} 6. Bg5 {[%emt 0:00:08]} dxc4 {[%emt 0:02:46]} 7. d5 {[%emt 0:00:36]} Ne5 {[%emt 0:00:34]} 8. Qd4 {[%emt 0:00:07]} h6 {[%emt 0:01:20]} 9. Bf4 {[%emt 0:01:22]} Ng6 {[%emt 0:02:31]} 10. Bxc4 {[%emt 0:00:46]} Nxf4 {[%emt 0:01:27]} 11. Qxf4 {[%emt 0:00:03]} g5 {[%emt 0:06:07]} 12. Qe3 {[%emt 0:00:23]} Bg7 {[%emt 0:00:57]} 13. Nf3 {[%emt 0:00:15]} Qb6 {[%emt 0:06:40]} 14. Qxb6 {[%emt 0:05:22]} axb6 {[%emt 0:03:40]} 15. O-O {[%emt 0:00:20]} Bf5 {[%emt 0:15:15]} 16. Rfe1 {[%emt 0:10:39]} Nd7 {[%emt 0:05:48]} 17. Bb5 {[%emt 0:09:59]} Kd8 {[%emt 0:02:35]} 18. Rad1 {[%emt 0:10:31]} Bg4 {[%emt 0:21:01]} 19. Re3 {[%emt 0:07:46]} Rf8 {[%emt 0:05:42]} 20. d6 {[%emt 0:06:06]} e6 {[%emt 0:06:24]} 21. Na4 {[%emt 0:00:14]} Nc5 {[%emt 0:09:08]} 22. Nxb6 {[%emt 0:01:08]} Ra5 {[%emt 0:02:15]} 23. a4 {[%emt 0:01:28]} Bxb2 {[%emt 0:00:19]} 24. Nc4 {[%emt 0:00:56]} Rxb5 {[%emt 0:01:43]} 25. axb5 {[%emt 0:00:05]} Bg7 {[%emt 0:00:20]} 26. Ra3 {[%emt 0:00:25]} e5 {[%emt 0:03:56]} 27. Nb6 {[%emt 0:01:02]} 1-0